Quick Pick: Country by First Astronaut Quiz Stats

 Plays Quiz Updated Sep 9, 2019

Score 0/15 Timer 01:30
0 Plays Today
% Correct
Saudi Arabia
93.4%
Japan
93.1%
Soviet Union
91%
India
90.9%
Vietnam
89.7%
China
86.9%
France
84.4%
United States
83.2%
% Correct
Netherlands
77.3%
Poland
73.2%
Mexico
72.3%
Czechoslovakia
70.2%
United Kingdom
61%
Canada
51.3%
Belgium
48.5%

Today's Daily Dose

You're not logged in!

Compare scores with friends on all Sporcle quizzes.
OR
Log In

Sporcle TV

Today on Sporcle TV


Watch our educational content, quiz creation guides, and fun videos on Sporcle TV.

Show Comments

Extras

Top Quizzes Today


Score Distribution

Your Account Isn't Verified!

In order to create a playlist on Sporcle, you need to verify the email address you used during registration. Go to your Sporcle Settings to finish the process.

Report this User

Report this user for behavior that violates our Community Guidelines.

Details: